| 000 | 01185pam a2200301 a 4500 | ||
|---|---|---|---|
| 001 | 4454040 | ||
| 005 | 20210414114124.0 | ||
| 008 | 951207s1996 ilua 001 0 eng | ||
| 010 | _a 95048183 | ||
| 020 | _a0256219982 | ||
| 040 |
_aDLC _cDLC _dDLC |
||
| 050 | 0 | 0 | _aQA76.76.O63 H89 |
| 082 | 0 | 0 |
_a005.4/469 _220 |
| 100 | 1 | _aClifford, Sarah Hutchinson. | |
| 245 | 1 | 0 |
_aSimply Microsoft Windows 95. / _cSarah E. Hutchinson, Glen J. Coulthard. |
| 246 | 3 | _aSimply Microsoft Windows ninety-five | |
| 260 |
_aChicago : _bIrwin, _cc1996. |
||
| 300 |
_ax, 172 p. : _bill. ; _c28 cm. |
||
| 440 | 4 | _aThe Irwin advantage series for computer education | |
| 500 | _aIncludes index. | ||
| 505 | _aContents: Fundamentals -- Using wordpad and other accessories -- Managing files and disks -- Customizing windows -- Communicating beyond the desktop. | ||
| 630 | 0 | 0 | _aMicrosoft Windows (Computer file) |
| 650 | 0 | _aOperating systems (Computers) | |
| 700 | 1 | _aCoulthard, Glen J. | |
| 906 |
_a7 _bcbc _corignew _d1 _eocip _f19 _gy-gencatlg |
||
| 942 |
_2lcc _cBK |
||
| 999 |
_c2102 _d9602 |
||